000 01001nam a2200253Ia 4500
003 IT-RoPAU
005 20220918175651.0
008 120407s9999 xx 000 0 und d
040 _aIT-RoPAU
_c20130205112713.0
040 _cIT-RoPAU
041 _aita
100 _aChiesa, Francesco
_9364
100 _ccan.
_9365
245 _aUn gran segreto di salute.
_bLa contrizione perfetta.
250 _aIII
260 _aPescara
_bEdizioni Paoline
_c1963
300 _a105 p.
300 _c16,5 cm
490 _aUt innotescat, 41
490 _vI
520 _aIndice Prefazione Il più gran male dei mali, e il suo rimedio La confessione sacramentale è l'unico mezzo per ottenere il perdono dei peccati? Che cos'é la contriziione perfetta Effetti della contrizione perfetta Mezzi per avere la contrizione perfetta Difficoltà ed obiezioni Il perchè della grande importanza dell'atto di contrizione perfetta e conclusioni pratiche
942 _cBK
_2ddc
999 _c24175
_d24175